000 00283nam a2200109Ia 4500
001 1272360
005 20260417151427.0
008 260417s9999 xx 000 0 und d
020 _a9786256126268
245 0 _aBir Yıldız Nereye Saklanır
_cOliver Jeffers
260 _bKetebe Çocuk
999 _c1272360
_d1272360